| 000 | 00484nam a22001577a 4500 | ||
|---|---|---|---|
| 003 | OSt | ||
| 005 | 20151228084342.0 | ||
| 008 | 151228b xxu||||| |||| 00| 0 eng d | ||
| 040 | _cRUA | ||
| 082 | _aAGI CHA 2006 B276 Or.1 | ||
| 100 |
_95609 _aCHAY CHIM ; ចាយ ជីម |
||
| 245 | _aSmall-scale production, ផលិតកម្មស្រាលសាកិខ្នាតតូច | ||
| 260 |
_aPhnom Penh _bRUA _c2006 |
||
| 300 |
_aix; 36p. _bill. _c29cm. |
||
| 942 |
_2ddc _cAGI |
||
| 999 |
_c5224 _d5224 |
||